| 000 | 00574nam a2200193 a 4500 | ||
|---|---|---|---|
| 005 | 20140412111342.0 | ||
| 008 | 040114s19uu xx 00 eng d | ||
| 020 | _a0-590-45775-6 | ||
| 050 |
_aER _bMa31 1993 |
||
| 100 | _aCowen-Fletcher, Jane | ||
| 245 |
_aMama zooms / _cby Jane Cowen-Fletcher. |
||
| 260 |
_aNew York : _bScholastic Inc, _c1993. |
||
| 300 | _a[28] p. ; ill. | ||
| 520 | _aMama's got a zooming machine . . . and she zooms me everywhere. | ||
| 650 | _aMothers--Fiction | ||
| 650 | _aDisabled--Fiction | ||
| 650 | _aChildren stories | ||
| 999 |
_c105141 _d105141 |
||